000 00292nam a22001337a 4500
008 170907b xxu||||| |||| 00| 0 eng d
020 _a0137748450
041 _aeng
080 _22 ED
_a72
100 _a41
101 _aARK
245 _aRESIDENTAL CARPENTRY
_cREED.MP
942 _2udc
_cBK
999 _c26512
_d26512